Responses for Show #8160 - Friday, February 14, 2020

Contestants

[<< previous game]

Jayne Niemi, a retired college registrar from St. Paul, Minnesota

Terry Heard Jr., an aircraft maintainer from Akron, Ohio

Brooke MacKenzie, a lawyer from Toronto, Ontario, Canada (whose 1-day cash winnings total $17,300)

[next game >>]

Jeopardy! Round responses

WOMEN AUTHORS
QUOTABLE 21st CENTURY MOVIES
HISTORIC NAMES
ANIMAL VERBS
20-20
HEINZ SITE
    $200 4
Anne Rice

Terry
    $200 25
The Hunger Games

Jayne
    $200 16
Cook

Jayne
    $200 15
sponge

Triple Stumper
    $200 14
(Terry: What is Clue?)

Twenty Questions

BrookeTerry
    $200 20
ketchup

Jayne
    $400 26
(Alex: Yes, with less than a minute.)

Black Swan

Brooke
    $400 17
(Brooke: What is Luxembourg?)

Normandy

Brooke
Triple Stumper
    $400 7
to bat

Brooke
    $400 13
(Terry: What is an antipope?)

a pope

TerryJayne
    $400 21
mustard

Jayne
    $600 1
[NOTE: The movie is The [*].]

Dark Knight

Terry
    $600 18
Benito Juarez

Terry
    $600 19
to hawk (your wares)

Triple Stumper
    $600 12
(Terry: What's a stone?)
(Brooke: What's a quid?)

a shilling

BrookeTerry
Triple Stumper
    $600 22
mayonnaise

Jayne
    $800 3
(Terry: What is Queens?)

Brooklyn

TerryJayne
    $800 27
Monsters, Inc.

Terry
    $1,000 5
(Alex: Terry?)
(Terry: [Shakes head])

Friedrich von Steuben

Terry
    $800 8
skunk

Triple Stumper
    $800 10
score

Terry
    $800 23
tartar sauce

Terry
    $1000 2
(Terry: Who is Hellman?)

V.C. Andrews

Terry
Triple Stumper
    $1000 28
[The end-of-round signal sounds.]

The 40-Year-Old Virgin

Terry
    $1000 6
the untouchables

Triple Stumper
    $1000 9
ferret

Terry
    $1000 11
Hugh Downs & Barbara Walters

Jayne
    $1000 24
au jus

Brooke

Scores at the first commercial break (after clue 15):

Brooke Terry Jayne
$0 -$1,400 $2,200

Scores at the end of the Jeopardy! Round:

Brooke Terry Jayne
$1,000 $1,800 $3,800

Double Jeopardy! Round responses

TREES GROW ON MONEY
TV VILLAINS
DEFENSE MECHANISM
THE BODY HUMAN
LONDON BOROUGHS
X MARKS THE WORD
(Alex: There will be an "X" in each correct response.)
    $400 21
yen

Terry
    $400 6
The Walking Dead

Terry
    $400 20
trenches

Brooke
    $400 10
the liver

Terry
    $400 28
Greenwich

Terry
    $400 1
a hex (jinx)

Brooke
    $800 25
palm trees

Jayne
    $800 9
Agents of S.H.I.E.L.D.

Triple Stumper
    $800 19
(Terry: What is the foible?)

the guard

Terry
Triple Stumper
    $800 13
the sciatic nerve

Terry
    $800 24
upon Thames

Brooke
    $800 2
a mixer

Jayne
    $1200 22
silver

Triple Stumper
    $1200 7
Killing Eve

Brooke
    $1200 15
Medusa

Terry
    $1200 11
blood cells

Terry
    $1200 18
Abbey Road

Brooke
    $1200 3
dexterity

Terry
    $1600 26
the Treasury Building

Terry
    $1600 8
Supernatural

Triple Stumper
    $1600 16
Kevlar

Terry
    $1600 12
the thyroid

Brooke
    $1600 23
the Blitz

Triple Stumper
    $1600 4
exult

Jayne
    $9,800 27
[Terry rereads the clue and looks up before responding.]
(Terry: What is [*]?)
(Alex: Yep.)
[Thunderous cheers and applause]
(Terry: Wow.)

an olive tree

Terry
    $2000 30
Craig Robinson

Triple Stumper
    $2000 17
(Terry: What's a howitzer?)

trebuchets

Terry
Triple Stumper
    $2000 14
a stirrup

Terry
    $1,000 29
(Terry: $1000.)
[Audience laughs]
...
[Terry mumbles to himself]
(Alex: Terry?)
(Terry: What is...)

Westminster

Terry
    $2000 5
a hyrax

Triple Stumper

Scores at the end of the Double Jeopardy! Round:

Brooke Terry Jayne
$6,600 $19,000 $7,000
(lock game)

[wagering suggestions for these scores]

Final Jeopardy! Round responses

FAMOUS FIRST LINES
(Alex: Often considered to the epitome of bad writing.)
...
(Alex: [to Terry after reading his response] Is that what you need? You need some Aleve to deal with the pressure of this moment?)
BrookeWhat is it was a dark and stormy night?
$6,501
JayneWhat is It was a dark s
$6,206
TerryWhat is aleve
$1,337
"It was a dark and stormy night"

Final scores:

Brooke Terry Jayne
$13,101 $17,663 $794
2nd place: $2,000 New champion: $17,663 3rd place: $1,000

Game dynamics:

Coryat scores:

Brooke Terry Jayne
$6,600 $13,200 $7,000
10 R,
2 W
20 R
(including 1 DD),
9 W
(including 2 DDs)
11 R,
0 W

Combined Coryat: $26,800

[game clues] [game scores] [suggest correction]

Game tape date: 2019-12-03
The J! Archive is created by fans, for fans. Scraping, republication, monetization, and malicious use prohibited; this site may use cookies and collect identifying information. See terms. The Jeopardy! game show and all elements thereof, including but not limited to copyright and trademark thereto, are the property of Jeopardy Productions, Inc. and are protected under law. This website is not affiliated with, sponsored by, or operated by Jeopardy Productions, Inc. Join the discussion at JBoard.tv.